Quizzone - Statistics

Statistiche generali
  • Questo quiz è stato fatto 246 volte
    226 dall'ultimo reset
  • Il punteggio medio è 16 su 50
Statistiche sulle risposte
Domanda Risposta % Corretto
La bandiera di quale dei seguenti Stati è bicolore? Ucraina
100%
Quale dei seguenti Stati estrae più di 10 milioni di barili di petrolio al giorno? Arabia Saudita
75%
Quale dei seguenti Stati è l'intruso? Guyana
67%
Quale dei seguenti Stati è l'intruso? Kirghizistan
67%
Quale dei seguenti Stati è l'intruso? Mongolia
67%
Qual è lo Stato più popoloso d'Africa? Nigeria
67%
Quale Stato tra i seguenti confina con la Cina ma non con l'India? Laos
58%
Quale dei seguenti Stati è l'unico ad avere la bandiera di colori differenti dalle altre? Perù
58%
Quale tra i seguenti Stati ha una bandiera che non contiene una stella? Egitto
50%
In quale Stato si trova la città di Kazan? Russia
50%
Quale Stato tra i seguenti è attraversato dall'Equatore? Uganda
50%
Quale dei seguenti Stati non ha armi nucleari? Corea del Sud
42%
Quale tra i seguenti Stati è più a Nord? Estonia
42%
Quale dei seguenti Stati non confina con esattamente due altri Stati? Gibuti
42%
Quale di questi Stati ha più di un confine? Kuwait
42%
In quale dei seguenti Stati l'inglese non è una lingua ufficiale? Sri Lanka
42%
Quale tra i seguenti Stati ha come capitale una città che non è la più popolosa? Vietnam
42%
Quale tra i seguenti Stati si trova più a Sud? Cambogia
33%
Quale dei seguenti Stati oceanici ha come capitale una città con iniziale B? Kiribati
33%
Quale dei seguenti Stati è un enclave? Lesotho
33%
Se a Londra sono le 7.00, in quale tra le seguenti città sono le 16.00? Seul
33%
Quale tra i seguenti è uno Stato confinante con la Repubblica Democratica del Congo ma non con la Tanzania? Sudan del Sud
33%
Quale delle seguenti capitali si trova all'interno del triangolo che ha per vertici Oslo, Budapest e Minsk? Vilnius
33%
Quale dei seguenti Stati non ha un exclave? Georgia
25%
Quale tra le seguenti capitali si trova a Sud di Abu Dhabi e a Nord di Bangkok, a Est di Mogadiscio e a Ovest di Ulan Bator? Hanoi
25%
Quale dei seguenti Stati non ha la capitale che inizia per A? Kazakistan
25%
Quale tra le seguenti capitali si trova a Est di Nairobi e a Ovest di Ashgabat? Mosca
25%
Quale capitale ha le coordinate geografiche 39°02′ N 125°45′ E? Pyongyang
25%
Quale tra le seguenti capitali si trova a Sud di Ottawa e a Nord di Tashkent? Sarajevo
25%
Quale Stato tra i seguenti ha l'Indice di Sviluppo Umano più elevato? Stati Uniti d'America
25%
Quale tra i seguenti Stati è il più esteso? Bolivia
17%
Quale Stato tra i seguenti non possiede un'ambasciata italiana? Madagascar
17%
In quale Stato si trova Monterrey? Messico
17%
Quale Stato tra i seguenti non è un membro dell'Unione Europea? Montenegro
17%
Quale Stato tra i seguenti è attraversato dal Tropico del Cancro? Oman
17%
Quale Stato tra i seguenti ha l'Indice di Sviluppo Umano più basso? Papua Nuova Guinea
17%
Quale dei seguenti Stati ha la densità abitativa più alta? Tagikistan
17%
Quale Stato tra i seguenti è attraversato dal Meridiano di Greenwich? Togo
17%
Quale tra i seguenti Stati è bagnato dal Mar Caspio? Turkmenistan
17%
Quale tra i seguenti Stati è il più popoloso? Algeria
8%
Quale dei seguenti Stati non confina con esattamente tre altri Stati? Benin
8%
Quale dei seguenti Stati ha la linea costiera più lunga? Corea del Nord
8%
Quale dei seguenti Stati non ha un'ambasciata in Italia? Corea del Sud
8%
Quale tra i seguenti Stati possiede più aeroporti? Guatemala
8%
Quale tra le seguenti è la capitale più lontana da Brasilia? L'Avana
8%
Quale capitale tra le seguenti è più distante da Tripoli? Niamey
8%
Quale dei seguenti Stati non è bagnato dal Golfo Persico? Pakistan
8%
Quale capitale ha coordinate geografiche 5°52′ N 55°10′ O? Paramaribo
8%
Quale Stato tra i seguenti non è membro dell'ONU? Taiwan
8%
Quale tra i seguenti Stati è attraversato dal Tropico del Capricorno? Paraguay
0%
Nessun quiz corrispondente trovato
Distribuzione punteggi
Percentuale di utenti per punteggio
Percentile per numero di risposta
I tuoi punteggi nel tempo
Non hai fatto questo quiz dall'ultimo reset